Olesa, la meva vila : guia didàctica guia didàctica
Descripción Física:
199 p. : il. ; 30 cm
MARC
| LEADER | 00000nam a2200000Ia 4500 | ||
|---|---|---|---|
| 001 | 24287 | ||
| 008 | 160829s1998 xx 000 0 cat d | ||
| 080 | |a Bib-215 | ||
| 245 | |a Olesa, la meva vila : |b guia didàctica | ||
| 260 | |a Olesa de Montserrat : |b Ajuntament d'Olesa de Montserrat, |c 1998 | ||
| 300 | |a 199 p. : |b il. ; |c 30 cm | ||
| 651 | 0 | |a Olesa de Montserrat (Catalunya) |x Descripcions i viatges |9 56108 | |
| 700 | |a Temporal, Bene |9 50205 | ||
| 700 | |a Cascante, Montse, il. |9 50206 | ||
| 901 | |a Arxiu | ||
| 942 | |n 1 | ||
| 952 | |0 0 |1 0 |4 0 |6 BIB215 |7 1 |9 55837 |a Arxiu |b Arxiu |d 2016-12-01 |l 0 |o Bib-215 |p 24287 |r 2016-12-01 00:00:00 |w 2016-12-01 |y ARXIU | ||
| 999 | |c 59710 |d 59710 | ||